| 000 | 00646cab a2200265 4500 | ||
|---|---|---|---|
| 001 | ABS60553 | ||
| 008 | 090401t1999 xxu||||| |||| 00| 0 eng d | ||
| 035 | _a(Sirsi) u93264 | ||
| 041 | _aeng | ||
| 245 | _aPPG3 | ||
| 260 | _c1999 | ||
| 350 | _a0 | ||
| 490 |
_aTown & Country Planning _v68 (5) May 1999, 142, 143, 150-156(8) |
||
| 650 | _aDRAFT GUIDANCE | ||
| 650 | _aGOVERNMENT POLICY | ||
| 650 | _aHOUSING DESIGN | ||
| 650 | _aHOUSING DEVELOPMENT | ||
| 650 | _aHOUSING LAND | ||
| 650 | _aHOUSING | ||
| 650 | _aPLANNING GUIDANCE | ||
| 650 | _aPPG3 | ||
| 690 | _aPLANNING LAW AND PRACTICE | ||
| 942 | _n0 | ||
| 948 | _c11/05/1999 | ||
| 999 |
_c59115 _d59115 |
||